[Event "FRA-ch Youth 2017"]
[Site "Belfort"]
[Date "2017.04.23"]
[Round "9"]
[White "David, Bogdan-Emanuel"]
[Black "Maache, Jawad"]
[Result "1/2-1/2"]
[WhiteElo "2099"]
[BlackElo "2119"]
[Annotator "NA RC"]
[PlyCount "148"]
[EventDate "2017.??.??"]
[EventCountry "FRA"]
[SourceTitle "playchess.com"]
[Source "ChessBase"]
[SourceQuality "1"]
[TimeControl "5400+30"]

{[%evp 8,147,62,38,72,32767,45,32767,32767,32767,32767,6,32767,32767,32767,-22,-16,-22,-14,-35,-21,-25,-33,32767,32767,32767,32767,-77,-80,-85,-77,-143,-134,-137,-163,32767,-113,32767,-125,32767,32767,32767,32767,-205,32767,-122,-144,32767,-196,-206,-179,-188,32767,32767,-128,-137,-139,32767,-143,-143,32767,32767,32767,32767,-75,32767,32767,32767,32767,32767,32767,-131,32767,32767,0,32767,32767,0,32767,0,32767,32767,0,32767,0,32767,0,0,32767,7,121,32767,115,110,120,113,32767,130,115,127,129,111,103,66,118,94,228,97,162,32767,56,32767,32767,56,47,41,56,33,32767,8,0,8,0,0,0,0,32767,0,0,0,0,0,32767,0,0,32767,0,0,0,0,0,0]} 1. e4 {[%emt 0:00:00]} d5 {[%emt 0:00:04]} 2. exd5 {[%emt 0:00:04]} Qxd5 {[%emt 0:00:07]} 3. Nc3 {[%emt 0:00:43]} Qa5 {[%emt 0:00:07]} 4. d4 {[%emt 0:00:57]} Nf6 {[%emt 0:00:06]} 5. Bc4 {[%emt 0:01:22]} Bg4 {[%emt 0:00:09]} 6. f3 {[%emt 0:02:26]} Bf5 {[%emt 0:00:07]} 7. Bd2 {[%emt 0:03:27] B01: Scandinavian Defence} Qb6 {[%emt 0:00:07]} 8. Nge2 {[%emt 0:03:07]} e6 {[%emt 0:00:25]} 9. g4 {[%emt 0:06:02]} Bg6 {[%emt 0:00:06]} 10. h4 {[%emt 0:01:53]} h6 11. Nf4 {[%emt 0:05:49] LiveBook: 6 Games} Nc6 $1 {[%emt 0:26:03]} 12. Nxg6 {[%emt 0:14:57]} fxg6 {[%emt 0:00:05]} 13. Na4 {[%emt 0:06:13]} Qxd4 {[%emt 0:00:18]} 14. Qe2 {[%emt 0:00:43]} Qe5 $1 {[%emt 0:12:55]} 15. O-O-O $146 {[%emt 0:11:47]} (15. Bb5 Qxe2+ 16. Kxe2 {½-½ (61) Berg,E (2540)-Kovacevic,B (2463) Kusadasi 2006}) 15... Qxe2 {[%emt 0:01:03]} 16. Bxe2 {[%emt 0:00:02]} Bd6 {[%emt 0:12:48]} 17. Be3 {[%emt 0:16:00]} Nd5 {[%emt 0:01:22]} 18. Bf2 {[%emt 0:01:43]} O-O-O {[%emt 0:05:44]} 19. Bd3 {[%emt 0:07:25]} (19. Rhe1 $142) 19... Ne5 {[%emt 0:05:35]} 20. Rhe1 {[%emt 0:07:01]} Rhf8 {[%emt 0:07:28]} 21. Nc5 {[%emt 0:03:19]} Nxf3 {[%emt 0:12:46]} ({Black should try} 21... Rxf3 $19 22. Bg1 Nxd3+ 23. Rxd3 Bf4+ 24. Kd1 Rxd3+ 25. Nxd3 Bg3 26. Rxe6 Bxh4) 22. Rxe6 {[%emt 0:01:30]} Nf4 {[%emt 0:02:44]} 23. Re4 {[%emt 0:01:29]} Nxd3+ {[%emt 0:02:35]} 24. Nxd3 {[%emt 0:01:52]} Rde8 {[%emt 0:00:34]} 25. Rc4 {[%emt 0:01:07]} (25. Rxe8+ $17 Rxe8 26. Rh1) 25... Ne5 {[%emt 0:02:51]} 26. Nxe5 {[%emt 0:01:13]} Bxe5 {[%emt 0:00:01]} 27. Bxa7 {[%emt 0:00:35]} Rf4 {[%emt 0:00:37]} 28. Bd4 {[%emt 0:00:35]} Rxg4 {[%emt 0:01:13]} 29. Ra4 {[%emt 0:00:25]} Bxd4 {[%emt 0:01:18]} 30. Raxd4 {[%emt 0:00:01]} Rxd4 {[%emt 0:00:28]} 31. Rxd4 {[%emt 0:00:01]} Re5 {[%emt 0:00:41]} 32. Kd2 {[%emt 0:00:55]} g5 {[%emt 0:01:49]} 33. Rg4 {[%emt 0:00:15]} gxh4 {[%emt 0:02:56]} 34. Rxg7 {[%emt 0:00:24]} Rh5 {[%emt 0:00:39]} 35. Rg2 {[%emt 0:00:01]} Kd7 {[%emt 0:00:23]} 36. Ke3 {[%emt 0:00:12]} Ke6 {[%emt 0:01:06]} 37. Kf4 {[%emt 0:00:24]} Kf6 {[%emt 0:00:37]} 38. Rh2 {[%emt 0:00:20]} Rc5 {[%emt 0:00:38]} 39. b3 {[%emt 0:00:30]} ({White should try} 39. Kg4 $15) 39... Rb5 {[%emt 0:00:35]} 40. Rxh4 {[%emt 0:00:29]} Kg6 {[%emt 0:00:30]} 41. Rh2 {[%emt 0:01:35]} h5 {[%emt 0:00:19]} 42. Re2 {[%emt 0:00:21]} Kf6 {[%emt 0:00:22]} 43. Re8 {[%emt 0:00:23]} c6 {[%emt 0:00:57]} 44. Rh8 {[%emt 0:01:03]} Rf5+ {[%emt 0:00:24]} 45. Kg3 {[%emt 0:00:31]} Rg5+ {[%emt 0:00:22]} 46. Kh3 {[%emt 0:00:44]} Rc5 {[%emt 0:00:35]} 47. c4 {[%emt 0:00:40]} b5 {[%emt 0:00:37]} 48. Rc8 {[%emt 0:00:23]} Ke6 {[%emt 0:00:39]} (48... b4 $11) 49. cxb5 {[%emt 0:00:07]} Rxb5 {[%emt 0:00:28]} 50. Rxc6+ {[%emt 0:00:01]} Kd5 {[%emt 0:00:03]} 51. Rc4 {[%emt 0:00:25]} Ra5 {[%emt 0:00:28]} 52. a4 {[%emt 0:00:01]} Kd6 {[%emt 0:00:21]} 53. Kh4 {[%emt 0:01:09]} Kd7 {[%emt 0:00:21]} 54. Rb4 {[%emt 0:00:54]} Rd5 {[%emt 0:00:43]} 55. Kg3 {[%emt 0:00:40]} ({But not} 55. Rb5 $6 Rxb5 56. axb5 Kc7 $11) 55... Rg5+ {[%emt 0:00:47]} 56. Kf3 {[%emt 0:00:13]} Rc5 {[%emt 0:00:22] [#]} (56... Kc6 $16 {keeps fighting.} 57. Kf2 Rg8 58. Rc4+ Kb6) 57. Ke3 {[%emt 0:00:56]} (57. Rd4+ $1 $18 {and White stays clearly on top.} Ke6 58. b4) 57... h4 {[%emt 0:00:28]} 58. Kf3 {[%emt 0:00:50]} h3 {[%emt 0:00:35]} 59. Kg3 {[%emt 0:00:13]} Rc3+ {[%emt 0:00:06]} 60. Kh2 {[%emt 0:00:04]} Kd6 {[%emt 0:00:19]} 61. Rb5 {[%emt 0:00:08]} Kc6 {[%emt 0:00:24]} 62. b4 {[%emt 0:00:58]} Ra3 {[%emt 0:00:34]} 63. Rc5+ {[%emt 0:00:07]} Kb6 {[%emt 0:00:41]} 64. a5+ {[%emt 0:00:37]} Ka6 {[%emt 0:00:46]} 65. Rc6+ {[%emt 0:00:39]} Kb7 {[%emt 0:00:36]} 66. Rh6 {[%emt 0:01:16]} Rb3 {[%emt 0:00:22]} 67. Rb6+ {[%emt 0:00:34]} Ka7 $1 {[%emt 0:01:05]} 68. Kh1 {[%emt 0:00:29]} Rb2 {[%emt 0:00:27]} 69. Kg1 {[%emt 0:00:36]} Rb1+ {[%emt 0:00:17]} 70. Kh2 {[%emt 0:00:07]} Rb3 {[%emt 0:00:05]} 71. b5 {[%emt 0:00:24]} Ra3 {[%emt 0:00:13]} 72. Ra6+ {[%emt 0:00:37]} Kb7 {[%emt 0:00:07]} 73. Rh6 {[%emt 0:00:20]} Rxa5 $11 {[%emt 0:00:13]} 74. Kxh3 {[%emt 0:00:05]} Rxb5 {[%emt 0:00:07]} 1/2-1/2

[Event "FRA-ch Youth 2017"]
[Site "Belfort"]
[Date "2017.04.23"]
[Round "9"]
[White "Attard, Leopold"]
[Black "Lux, Hugo de Melo"]
[Result "1-0"]
[WhiteElo "2090"]
[BlackElo "2089"]
[Annotator "NA RC"]
[PlyCount "127"]
[EventDate "2017.??.??"]
[EventCountry "FRA"]
[SourceTitle "playchess.com"]
[Source "ChessBase"]
[SourceQuality "1"]
[TimeControl "5400+30"]

{[%evp 8,127,-6,-3,12,9,32767,32767,55,18,44,37,47,32767,91,101,100,96,91,36,56,32767,32767,32767,32767,32767,101,135,32767,231,285,307,356,383,395,303,293,166,32767,161,158,32767,56,59,70,71,91,83,79,87,94,100,90,109,135,32767,32767,32767,198,189,192,174,203,175,32767,32767,233,227,32767,32767,277,32767,32767,321,321,32767,356,357,32767,316,32767,32767,32767,32767,32767,389,32767,32767,32767,32767,286,298,32767,369,356,403,32767,371,395,379,513,324,347,316,387,447,32767,32767,32767,7108,5185,32767,32767,29982,29981,32767,29984,29986,29985,29988,29989,29989]} 1. d4 {[%emt 0:00:00]} Nf6 {[%emt 0:00:08]} 2. Nf3 {[%emt 0:00:00]} e6 {[%emt 0:00:23]} 3. c4 {[%emt 0:00:00]} c5 {[%emt 0:00:10]} 4. g3 {[%emt 0:00:00]} cxd4 {[%emt 0:04:48]} 5. Nxd4 {[%emt 0:00:04]} d5 {[%emt 0:02:58]} 6. Bg2 {[%emt 0:00:40]} e5 {[%emt 0:07:00]} 7. Nf3 {[%emt 0:00:13]} e4 {[%emt 0:01:51] E01: Catalan: Early deviations} (7... d4 8. O-O Nc6 9. e3 Be7 10. exd4 exd4 11. Bf4 Be6 12. Nbd2 O-O 13. Ne5 Rc8 14. Re1 Qb6 15. Qb3 Rfd8 16. Rad1 h6 17. h3 Bd6 18. Ndf3 Nxe5 19. Bxe5 Qxb3 20. axb3 {½-½ (71) Shomoev,A (2543)-Short,N (2683) Bangkok 2017}) 8. Nd4 {[%emt 0:03:55]} dxc4 {[%emt 0:02:40]} 9. O-O {[%emt 0:00:49]} Bc5 {[%emt 0:07:39] LiveBook: 7 Games} 10. Nb5 {[%emt 0:05:01]} Qxd1 $146 {[%emt 0:14:19]} (10... Qb6 $1 $15 {stays ahead.} 11. N5c3 (11. N5a3 e3 12. Bxe3 Bxe3 13. Nxc4 Bxf2+ 14. Rxf2 Qc7 15. Nd6+ Ke7 16. Nxc8+ Rxc8 17. Nc3 Nbd7 18. Qb3 Rab8 19. Rd1 Qc4 20. Nd5+ Kf8 21. Nxf6 Nxf6 22. Rd8+ {1-0 (22) Rotstein,A (2505)-Bosiocic,M (2578) Austria 2009}) 11... e3 12. fxe3 Bxe3+ 13. Bxe3 Qxe3+ 14. Kh1 O-O) 11. Rxd1 {[%emt 0:00:54]} Na6 {[%emt 0:03:21]} 12. N1c3 {[%emt 0:07:15]} Bd7 {[%emt 0:04:38]} 13. Nd4 {[%emt 0:09:19]} ({Better is} 13. Bg5 $16) 13... Rd8 {[%emt 0:11:55]} 14. Bg5 {[%emt 0:10:35]} Bc8 {[%emt 0:07:50]} 15. Ndb5 {[%emt 0:04:01]} Rxd1+ {[%emt 0:02:45]} 16. Rxd1 {[%emt 0:00:09]} e3 {[%emt 0:02:05]} 17. Bxe3 {[%emt 0:05:58]} O-O {[%emt 0:03:23]} 18. Nxa7 {[%emt 0:06:56]} Bxe3 {[%emt 0:05:31]} 19. Nxc8 {[%emt 0:03:04]} ({Less strong is} 19. fxe3 Nc5 20. Nxc8 Rxc8 $16) 19... Bc5 {[%emt 0:00:29]} 20. Bxb7 {[%emt 0:00:23]} Nc7 {[%emt 0:00:14]} 21. Nd6 {[%emt 0:01:04]} Rb8 {[%emt 0:01:02]} 22. Nde4 {[%emt 0:04:47]} ({Weaker is} 22. Nxc4 Rxb7 23. Rd8+ Bf8 $11) 22... Be7 {[%emt 0:06:53]} 23. Bc6 {[%emt 0:04:06]} Rxb2 {[%emt 0:00:53]} 24. Rb1 {[%emt 0:08:01]} Rxb1+ {[%emt 0:01:21]} 25. Nxb1 {[%emt 0:00:04]} Nxe4 {[%emt 0:00:07]} 26. Bxe4 {[%emt 0:00:03]} Bb4 {[%emt 0:00:53]} 27. e3 {[%emt 0:00:33]} Na6 {[%emt 0:03:50]} 28. Kf1 {[%emt 0:03:44]} Nc5 {[%emt 0:00:05]} 29. Bc2 {[%emt 0:00:01]} Kf8 {[%emt 0:02:25]} 30. Ke2 {[%emt 0:00:27]} ({Inferior is} 30. Bxh7 g6 31. Ke2 Kg7 $17) 30... c3 {[%emt 0:00:01]} 31. e4 {[%emt 0:01:45]} Ke7 {[%emt 0:02:35]} 32. Ke3 {[%emt 0:00:06]} Nd7 {[%emt 0:00:38]} (32... g5 $16 {is a better defense.} 33. f3 Nd7) 33. f4 {[%emt 0:01:14]} Bc5+ {[%emt 0:01:31]} 34. Kd3 {[%emt 0:01:20]} Bg1 {[%emt 0:00:04]} 35. Nxc3 {[%emt 0:00:02]} Kd6 {[%emt 0:00:12]} 36. Ne2 {[%emt 0:00:41]} Bf2 {[%emt 0:00:24]} 37. e5+ {[%emt 0:02:38]} Kc7 {[%emt 0:00:28]} 38. Ke4 {[%emt 0:02:34]} g6 {[%emt 0:00:40]} 39. Bb3 {[%emt 0:00:20]} f6 {[%emt 0:01:01]} 40. Bg8 {[%emt 0:02:27]} ({Don't take} 40. e6 Nc5+ 41. Kd5 Na6) 40... fxe5 {[%emt 0:00:33]} 41. fxe5 {[%emt 0:00:13]} Nf8 {[%emt 0:00:15]} 42. Nf4 {[%emt 0:01:05]} Kd7 {[%emt 0:00:19]} 43. g4 {[%emt 0:02:23]} h6 {[%emt 0:00:22]} 44. Bd5 {[%emt 0:03:18]} Ke7 {[%emt 0:00:24]} 45. a4 {[%emt 0:00:45]} Bb6 {[%emt 0:00:08]} 46. Bc4 {[%emt 0:01:21]} Ba5 {[%emt 0:00:10]} 47. Nd5+ {[%emt 0:01:23]} Kd8 {[%emt 0:00:53]} 48. Ne3 {[%emt 0:01:16]} Nd7 {[%emt 0:00:20]} 49. Bb5 {[%emt 0:00:50]} Nb6 {[%emt 0:00:30]} 50. h4 {[%emt 0:00:35]} Ke7 {[%emt 0:01:02]} 51. h5 {[%emt 0:00:12]} Kf7 {[%emt 0:00:06]} 52. Bc4+ {[%emt 0:03:01]} (52. Nc4 $142) 52... Kg7 {[%emt 0:00:04]} 53. Bb3 {[%emt 0:00:13]} Bc3 {[%emt 0:00:34]} 54. hxg6 {[%emt 0:01:01]} Kxg6 {[%emt 0:00:02]} 55. Nf5 {[%emt 0:00:10]} Nd7 {[%emt 0:00:55]} 56. e6 {[%emt 0:01:15]} Nc5+ {[%emt 0:02:11]} 57. Kd5 Nxb3 {[%emt 0:00:04]} 58. Kc4 {[%emt 0:01:16]} h5 {[%emt 0:00:33]} 59. e7 {[%emt 0:00:30]} Kf7 {[%emt 0:00:50]} 60. gxh5 {[%emt 0:00:24]} Nd2+ {[%emt 0:00:27]} 61. Kxc3 {[%emt 0:00:08]} Ne4+ {[%emt 0:00:03]} 62. Kd4 {[%emt 0:00:11]} Nf6 {[%emt 0:00:03]} 63. h6 {[%emt 0:01:04]} Kg6 {[%emt 0:00:03]} 64. Nd6 {[%emt 0:00:06]} 1-0

[Event "FRA-ch Youth 2017"]
[Site "Belfort"]
[Date "2017.04.23"]
[Round "9"]
[White "Kern, Nicolas"]
[Black "Dudognon, Thibault"]
[Result "1/2-1/2"]
[WhiteElo "2085"]
[BlackElo "2218"]
[Annotator "TA"]
[PlyCount "105"]
[EventDate "2017.??.??"]
[EventCountry "FRA"]
[SourceTitle "playchess.com"]
[Source "ChessBase"]
[SourceQuality "1"]

{[%evp 17,105,3,10,10,17,9,9,0,12,12,11,8,10,0,7,-16,6,7,7,2,10,0,0,0,0,0,0,-4,0,-12,-12,-18,-17,-14,0,0,0,0,0,-1,0,-21,-17,-37,-22,-41,-29,-30,-18,-18,0,0,0,-17,0,-18,0,0,11,14,39,0,54,44,82,84,84,90,82,97,99,100,247,241,310,177,194,189,208,212,222,215,197,0,0,0,190,0,0,0]} 1. e4 c6 2. Nc3 d5 3. Nf3 Bg4 4. h3 Bxf3 5. Qxf3 e6 6. d4 dxe4 7. Qxe4 {B11: Caro-Kann: Two Knights Variation} (7. Nxe4 Qxd4 8. c3 Qd5 9. Bd3 Nd7 10. Qe2 Nc5 11. Bc2 Nxe4 12. Bxe4 Qd7 13. O-O Nf6 14. Bf3 Bd6 15. Rd1 {½-½ (30) Nepomniachtchi,I (2767)-Anand,V (2779) Doha 2016}) 7... Nf6 8. Qd3 Bd6 9. Be2 Nbd7 {LiveBook: 3 Games} 10. O-O Qc7 11. Re1 $146 (11. b3 O-O 12. Bb2 Rad8 13. Rad1 Rfe8 14. Ne4 Nxe4 15. Qxe4 {0-1 (31) Jens,J (2342)-Becker,M (2303) Germany 2014}) 11... O-O 12. Ne4 Bh2+ 13. Kh1 {[#] Nxf6+ is the strong threat.} Bf4 14. Bf3 Bxc1 15. Raxc1 Rfd8 16. Qe3 h6 17. c3 Nxe4 18. Qxe4 Nf6 19. Qe5 (19. Qe2 $5 {looks sharper.} a5 20. g3 a4 21. Kg2 Ra5 22. Qc2) 19... Qxe5 20. Rxe5 a5 21. Kg1 Nd7 22. Re2 a4 23. Kf1 Nb6 24. Ke1 Nc4 25. Be4 Ra5 26. Bd3 Nb6 27. Rd1 g6 28. Red2 Kg7 29. Be2 Kf6 30. c4 Ke7 31. Rb1 Rd7 32. Kd1 Ra8 33. Kc2 Rad8 34. Rbd1 Nc8 35. Bf3 Nd6 36. Kc3 Nf5 37. g4 Nh4 38. Bh1 g5 39. Kb4 Ra8 (39... Ng6 $11) 40. d5 $14 cxd5 41. cxd5 Ng6 42. dxe6 Rxd2 43. Rxd2 fxe6 $16 {[%mdl 4096] Endgame KRB-KRN} 44. Kb5 a3 {[#]} (44... Nf4 $16) 45. b4 $1 $18 ({Not} 45. Bxb7 axb2 46. Rxb2 Ra3 $16) 45... Nf4 46. Kb6 (46. Bxb7 $142 Rf8 47. Bc6) 46... Ra4 47. Rd4 e5 48. Rc4 Nd3 49. Kb5 Ra7 50. Kb6 Ra4 51. Kb5 Ra7 52. Kb6 $2 ({White should try} 52. Rc7+ $18 Kd8 53. Rf7 (53. Rxb7 Rxb7+ 54. Bxb7 Nxf2 $14)) 52... Ra4 $11 53. Kb5 1/2-1/2

[Event "FRA-ch Youth 2017"]
[Site "Belfort"]
[Date "2017.04.23"]
[Round "9"]
[White "Dillenschneider, Ernesto"]
[Black "Lever, Erwan"]
[Result "1/2-1/2"]
[WhiteElo "2037"]
[BlackElo "2129"]
[Annotator "NA RC"]
[PlyCount "64"]
[EventDate "2017.??.??"]
[EventCountry "FRA"]
[SourceTitle "playchess.com"]
[Source "ChessBase"]
[SourceQuality "1"]
[TimeControl "5400+30"]

{[%evp 8,64,36,35,35,33,46,37,25,9,29,23,32767,32767,73,32767,32767,32767,94,23,31,14,83,25,35,14,8,32767,32767,32767,37,21,18,22,10,23,23,0,0,0,0,0,0,2,14,11,32767,0,16,0,10,14,39,34,32,35,32,34,45]} 1. d4 {[%emt 0:11:58]} Nf6 {[%emt 0:00:04]} 2. c4 {[%emt 0:00:48]} g6 {[%emt 0:00:05]} 3. Nc3 {[%emt 0:00:32]} d5 {[%emt 0:00:04]} 4. cxd5 {[%emt 0:00:41]} Nxd5 {[%emt 0:00:05]} 5. e4 {[%emt 0:00:17]} Nxc3 {[%emt 0:00:05]} 6. bxc3 {[%emt 0:00:04]} Bg7 {[%emt 0:00:05]} 7. Be3 {[%emt 0:01:06]} c5 {[%emt 0:00:05]} 8. Nf3 {[%emt 0:01:03]} Qa5 {[%emt 0:00:06]} 9. Qd2 {[%emt 0:01:27] LiveBook: 962 Games} a6 $146 {[%emt 0:10:56] D85: Exchange Grünfeld: Unusual White 7th moves and lines with 7 Nf3} (9... O-O 10. Rc1 Nd7 11. Bd3 b6 12. O-O e6 13. Qe2 Bb7 14. Nd2 Qxa2 15. Ra1 Qb2 16. Rfb1 Qxc3 17. Nc4 Nf6 18. Ra3 Nxe4 19. Bxe4 Bxe4 20. Rxc3 Bxb1 {1-0 (65) Onischuk,A (2667)-Robson,R (2668) Saint Louis 2017}) 10. Rc1 {[%emt 0:06:20]} cxd4 {[%emt 0:00:34]} 11. cxd4 {[%emt 0:00:15]} Qxd2+ {[%emt 0:00:05]} 12. Nxd2 {[%emt 0:00:54]} O-O {[%emt 0:03:04]} 13. Be2 {[%emt 0:04:57]} Nc6 {[%emt 0:11:14]} 14. Nb3 {[%emt 0:05:02]} e5 {[%emt 0:05:37]} (14... a5 $11 {remains equal.}) 15. dxe5 {[%emt 0:16:16]} Bxe5 {[%emt 0:01:20]} 16. a4 {[%emt 0:01:38]} Re8 {[%emt 0:08:47]} 17. O-O {[%emt 0:04:03]} Bg7 {[%emt 0:13:48]} 18. f3 {[%emt 0:08:09]} f5 {[%emt 0:05:43]} 19. Bd3 {[%emt 0:03:36]} fxe4 {[%emt 0:09:50]} 20. Bxe4 {[%emt 0:00:53]} Bf5 {[%emt 0:00:07]} 21. Nc5 {[%emt 0:05:03]} Nd4 {[%emt 0:02:18]} 22. Rfe1 {[%emt 0:03:38]} Bxe4 {[%emt 0:05:38]} 23. Nxe4 {[%emt 0:00:16]} Rac8 {[%emt 0:02:23]} 24. Bxd4 {[%emt 0:07:14]} Bxd4+ {[%emt 0:00:01]} 25. Kf1 {[%emt 0:00:07]} Rxc1 {[%emt 0:02:25]} 26. Rxc1 {[%emt 0:00:06]} Re7 {[%emt 0:00:17]} 27. Ke2 {[%emt 0:01:50]} h5 {[%emt 0:02:38]} 28. Rc4 {[%emt 0:01:26]} Be5 {[%emt 0:00:43]} 29. g3 {[%emt 0:02:13]} h4 {[%emt 0:02:07]} 30. f4 {[%emt 0:01:18]} Bc7 {[%emt 0:02:35]} 31. Kf3 {[%emt 0:00:42]} hxg3 {[%emt 0:00:15]} 32. hxg3 {[%emt 0:00:06]} Ba5 $14 {[%emt 0:01:59]} 1/2-1/2

[Event "FRA-ch Youth 2017"]
[Site "Belfort"]
[Date "2017.04.23"]
[Round "9"]
[White "Leriche, Ines"]
[Black "Bellahcene, Anissa"]
[Result "1-0"]
[WhiteElo "2037"]
[BlackElo "1806"]
[Annotator "NA RC"]
[PlyCount "57"]
[EventDate "2017.??.??"]
[EventCountry "FRA"]
[SourceTitle "playchess.com"]
[Source "ChessBase"]
[SourceQuality "1"]
[TimeControl "5400+30"]

{[%evp 8,57,15,14,31,26,38,33,20,32767,31,16,31,15,38,38,43,49,32767,25,35,12,58,54,71,0,32767,-7,32767,56,32767,58,91,73,32767,80,32767,4,25,13,440,447,514,32767,32767,631,636,32767,695,705,32767,711]} 1. d4 {[%emt 0:00:00]} d5 {[%emt 0:00:11]} 2. c4 {[%emt 0:00:00]} e6 {[%emt 0:00:13]} 3. Nc3 {[%emt 0:00:00]} Nf6 {[%emt 0:00:55]} 4. cxd5 {[%emt 0:00:08]} exd5 {[%emt 0:00:09]} 5. Bg5 {[%emt 0:00:26]} Nbd7 {[%emt 0:01:06]} 6. e3 {[%emt 0:00:36]} c6 {[%emt 0:00:12]} 7. Bd3 {[%emt 0:00:19]} Be7 {[%emt 0:00:40]} 8. h3 {[%emt 0:09:03]} O-O {[%emt 0:03:55]} 9. Nf3 {[%emt 0:00:16]} Re8 {[%emt 0:02:45]} 10. O-O {[%emt 0:00:30]} h6 {[%emt 0:00:45] D35: Queen's Gambit Declined: Exchange Variation} (10... Nf8 11. Bf4 Bd6 12. Bxd6 Qxd6 13. Ne5 N6d7 14. Nxd7 Bxd7 15. Rb1 a5 16. Na4 Be6 17. Qc2 Rad8 18. a3 {0-1 (44) Belov,V (2608)-Dorfman,J (2595) playchess.com INT 2006}) 11. Bf4 {[%emt 0:01:14] LiveBook: 5 Games} Nb6 {[%emt 0:01:20]} 12. Qc2 {[%emt 0:13:47]} Be6 {[%emt 0:02:42]} 13. Bh2 {[%emt 0:18:53]} Rc8 {[%emt 0:06:05]} 14. Ne5 {[%emt 0:01:31]} Nfd7 $146 {[%emt 0:08:52]} (14... c5 15. dxc5 Bxc5 16. Rac1 Qe7 17. Rfd1 Red8 18. Nf3 a6 19. Be5 Nc4 20. Bd4 b5 21. Qe2 Rc7 {½-½ (21) Kibalnichenko,S-Andrijevsky Podolsk 1993}) 15. f4 {[%emt 0:02:37]} Nxe5 {[%emt 0:05:33]} 16. fxe5 {[%emt 0:08:16]} (16. dxe5 $16 Bh4 17. Rad1) 16... c5 {[%emt 0:07:18]} 17. Qf2 {[%emt 0:08:12]} Bg5 {[%emt 0:09:48]} 18. Ne2 {[%emt 0:01:35]} Nc4 {[%emt 0:04:00]} 19. Nf4 {[%emt 0:00:40]} Qe7 {[%emt 0:06:21]} 20. b3 {[%emt 0:03:05]} Nb6 {[%emt 0:01:41]} 21. Bg3 {[%emt 0:01:40]} Qd7 {[%emt 0:08:13]} 22. h4 $2 {[%emt 0:06:08]} (22. Nxe6 $18 Rxe6 23. Bf5) 22... Bxf4 $1 {[%emt 0:00:13]} 23. exf4 {[%emt 0:04:39]} cxd4 $2 {[%emt 0:02:11]} (23... c4 $11 {and Black is okay.}) 24. f5 {[%emt 0:00:30]} ({Weaker is} 24. Qxd4 Bf5 $14) 24... Rc3 {[%emt 0:00:30]} 25. fxe6 {[%emt 0:00:30]} fxe6 {[%emt 0:00:30]} 26. Qxd4 {[%emt 0:00:30]} Rec8 {[%emt 0:00:30]} 27. Rad1 {[%emt 0:00:30]} Qe7 {[%emt 0:00:30]} 28. Qg4 {[%emt 0:00:30]} Rf8 {[%emt 0:00:30]} 29. Qg6 $18 {[%emt 0:00:30]} 1-0